000 01190nam a22002537a 4500
005 20170124103121.0
010 _aA-615834
020 _c170.00
035 _aA-615834
037 _bCen Lib/Ret
040 _aDPL
_bHN
082 _a820
_bगर्गवे
100 _aगर्ग, वैप्रकाश
_981988
245 _aहिंदी साहित्य की भ्रांतियां और उनका निराकरण /
_cवैप्रकाश गर्ग
246 _aHindi sahitay ki bhrantiyan aur unka nirakaran
_bby Vaidprakash Garg
260 _aमुजफ्फरनगर
_bकुसुम प्रकाशन
_c1993
270 _aनवेंदु सदन आदर्श कॉलोनी
_bमुजफ्फरनगर
300 _axx,264पृष्ठ. :
_c20सेमी(सजिल्द)
_bचित्र.
650 _aहिंदी साहित्य
_981989
650 _aहिंदी साहित्य की भ्रांतियां
_981990
650 _aHindi literature
_981991
650 _amisconceptions
_981992
942 _2ddc
_cHN
_h820
_mगर्गवे
999 _c118806
_d118806